Πολιτισμική πολυμορφία και εκπαιδευτικά χαρακτηριστικά στα νησιά Ρόδος-Κως : μορφές σύγκλισης και αναπαραγωγής πολιτισμικών διαφορών στην Α/θμια εκπαίδευση ; θεωρητική και εμπειρική προσέγγιση ; διδακτορική διατριβή
Αποθηκεύτηκε σε:
| Κύριος συγγραφέας: | |
|---|---|
| Μορφή: | Thesis Βιβλίο |
| Γλώσσα: | Greek |
| Δημοσίευση: |
Ρόδος :
Πανεπιστήμιο Αιγαίου, Σχολή Ανθρωπιστικών Επιστημών, Παιδαγωγικό Τμήμα Δημοτικής Εκπαίδευσης,
2005.
|
| Θέματα: | |
| Διαθέσιμο Online: | http://hdl.handle.net/11610/10785 |
| Ετικέτες: |
Προσθήκη ετικέτας
Δεν υπάρχουν, Καταχωρήστε ετικέτα πρώτοι!
|
MARC
| LEADER | 00000cam a2200000 i 4500 | ||
|---|---|---|---|
| 001 | 1/73041 | ||
| 008 | 080131s2005 gr | ||| |||| ||gre|| | ||
| 035 | |l 10094299 | ||
| 040 | |a GR-MY-UA |b gre |e aacr | ||
| 041 | 0 | |a gre | |
| 082 | 7 | |a 370.1170971 |2 (22) | |
| 100 | 1 | |a Σαββίδου, Σαββατώ Σ. | |
| 245 | 1 | 0 | |a Πολιτισμική πολυμορφία και εκπαιδευτικά χαρακτηριστικά στα νησιά Ρόδος-Κως : |b μορφές σύγκλισης και αναπαραγωγής πολιτισμικών διαφορών στην Α/θμια εκπαίδευση ; θεωρητική και εμπειρική προσέγγιση ; διδακτορική διατριβή / |c Σαββατώ Σ. Σαββίδου. |
| 260 | |a Ρόδος : |b Πανεπιστήμιο Αιγαίου, Σχολή Ανθρωπιστικών Επιστημών, Παιδαγωγικό Τμήμα Δημοτικής Εκπαίδευσης, |c 2005. | ||
| 300 | |a 284 σ. ; |c 30 εκ. | ||
| 502 | |a Διατριβή (διδακτορική) – Πανεπιστήμιο Αιγαίου, Ρόδος, 2005. | ||
| 504 | |a Περιλαμβάνει βιβλιογραφίες. | ||
| 610 | 2 | 0 | |a University of the Aegean |x Dissertations. |
| 650 | 0 | |a Multicultural education |z Greece |z Rhodes (Island) | |
| 650 | 0 | |a Multicultural education |z Greece |z Kos (Municipality) | |
| 650 | 0 | 0 | |a Multicultural education |x Case studies. |
| 650 | 0 | 0 | |a Bilingualism in children |x Case studies. |
| 650 | 0 | 0 | |a Dissertations, Academic |z Greece. |
| 852 | |a INST |b RHODES |c DIATR |e 20080131 |h 370.1170971 ΣΑΒ |p 005400030125 |q 005400030125 |t PHD |y 23 | ||
| 852 | |a INST |b RHODES |c DIATR |e 20080131 |h 370.1170971 ΣΑΒ |p 005400030126 |q 005400030126 |t PHD |y 23 | ||
| 856 | |u http://hdl.handle.net/11610/10785 | ||
| 901 | |a BIBL4-2008-1 | ||
| 909 | |a Ρ |b 128306 | ||
| 909 | |a Ρ |b 128307 | ||
| 924 | |a ΣΑΒΒΙΔΟΥ |b ΣΑΒΒΑΤΩ Σ. |y Ρόδος |z 2007-12 | ||
| 970 | |a ΜΙΣΣΟΣ |b ΣΤΑΥΡΟΣ |z 2008/01/31 | ||